Normal view
MARC view
- First Coalition, War of the, 1792-1797
Entry Topical Term
001 - CONTROL NUMBER
- control field: 48652
003 - CONTROL NUMBER IDENTIFIER
- control field: NUST
005 - DATE AND TIME OF LATEST TRANSACTION
- control field: 20210314134106.0
008 - FIXED-LENGTH DATA ELEMENTS
- fixed length control field: 210314|| aca||aabn | a|a d
040 ## - CATALOGING SOURCE
- Original cataloging agency: NUST
- Transcribing agency: NUST
150 ## - HEADING--TOPICAL TERM
- Topical term or geographic name entry element: First Coalition, War of the, 1792-1797
- General subdivision: Campaigns
- Geographic subdivision: Italy
670 ## - SOURCE DATA FOUND
- Source citation: Work cat.: (NUST): Jackson, W. G. F. 48651, Attack in the West;, 1953.
